New labour new language? /

Shranjeno v:
Bibliografske podrobnosti
Glavni avtor: Fairclough, Norman
Format: Neznan
Jezik:English
Izdano: London: Routledge
Oznake: Označite
Brez oznak, prvi označite!

MARC

LEADER 00000 a2200000 04500
001 45251
003
008 050622s2000 enk eng d
040
020 |a 0-415-21827-6  
090 |a 0002 F165n  
100 |a Fairclough, Norman  
245 |a New labour new language? /   |c Norman Fairclough  
260 |a London:   |b Routledge  
300 |a 178 páginas  
999 |c 15873  |d 15873